Slow cooking properly explained with recipies. (Запис № 549701)

МАРК-запис
000 -LEADER
fixed length control field 01231nam a22003137a 4500
001 - CONTROL NUMBER
control field slowcookingprope00page
003 - CONTROL NUMBER IDENTIFIER
control field CaSfIA
005 - DATE AND TIME OF LATEST TRANSACTION
control field 20210119082737.0
007 - PHYSICAL DESCRIPTION FIXED FIELD--GENERAL INFORMATION
fixed length control field cr||||
008 - FIXED-LENGTH DATA ELEMENTS--GENERAL INFORMATION
fixed length control field 911030r19901979enka 001 0 eng
040 ## - CATALOGING SOURCE
Original cataloging agency UKM
Transcribing agency UKM
Modifying agency CaSfIA
015 ## - NATIONAL BIBLIOGRAPHY NUMBER
National bibliography number GB91-65091
020 ## - INTERNATIONAL STANDARD BOOK NUMBER
International Standard Book Number 071600819X (pbk)
020 ## - INTERNATIONAL STANDARD BOOK NUMBER
International Standard Book Number 9780716008194 (pbk)
035 ## - SYSTEM CONTROL NUMBER
System control number (OCoLC)24951941
082 04 - DEWEY DECIMAL CLASSIFICATION NUMBER
Classification number 641.5
Edition number 20
029 0# - (OCLC)
OCLC library identifier UKM
System control number b9165091
029 1# - (OCLC)
OCLC library identifier AU@
System control number 000008595700
100 1# - MAIN ENTRY--PERSONAL NAME
Personal name Page, Dianne.
245 10 - TITLE STATEMENT
Title Slow cooking properly explained with recipies.
Medium [electronic resource]
260 ## - PUBLICATION, DISTRIBUTION, ETC. (IMPRINT)
Name of publisher, distributor, etc Paperfronts,
Date of publication, distribution, etc 1990.
300 ## - PHYSICAL DESCRIPTION
Extent 127 p.
506 ## - RESTRICTIONS ON ACCESS NOTE
Standardized terminology for access restriction Необхідна авторизація на https://archive.org/ (створення облікового запису безкоштовно)
506 ## - RESTRICTIONS ON ACCESS NOTE
Standardized terminology for access restriction Необхідна авторизація на https://openlibrary.org/ (створення облікового запису безкоштовно)
653 ## - INDEX TERM--UNCONTROLLED
Uncontrolled term Cookery
856 41 - ELECTRONIC LOCATION AND ACCESS
Uniform Resource Identifier <a href="http://www.archive.org/details/slowcookingprope00page">http://www.archive.org/details/slowcookingprope00page</a>
Public note Free eBook from the Internet Archive
856 42 - ELECTRONIC LOCATION AND ACCESS
Uniform Resource Identifier <a href="http://www.openlibrary.org/books/OL18426329M">http://www.openlibrary.org/books/OL18426329M</a>
Public note Additional information and access via Open Library
942 ## - ADDED ENTRY ELEMENTS (KOHA)
Koha item type ЕКнига

Немає доступних примірників.